Countries nearest to lebanon - Statistics

General Stats
  • This quiz has been taken 16 times
  • The average score is 11 of 15
Answer Stats
Hint Answer % Correct
0 Israel
100%
0 Syria
100%
205 km Jordan
93%
1200 km Iran
87%
800 km Iraq
87%
160 km Cyprus
80%
900 km Saudi arabia
80%
200 km Turkey
80%
400 km Egypt
73%
1000 km Armenia
67%
1100 km Georgia
67%
780 km Greece
67%
1300 km Bulgaria
47%
1400 km Romania
40%
1500 km Ukraine
33%
No matching quizzes found
Score Distribution
Percent of People with Each Score
Percentile by Number Answered
Your Score History
You have not taken this quiz